00596nam a22001577a 450000500170000000800410001702000190005808200180007724501060009526000400020130000310024149000470027265000530031970000340037270000320040620260504151808.0260504b |||||||| |||| 00| 0 eng d a 9781420072099 a617.695 bDEN aDental Biomaterials: bImaging, Testing and Modelling/cInstitute of Materials, Minerals, and Mining. aUSA:bWoodhead Publishing ;c 2008. axv, 512 p. : ill. ; 24 cm. aWoodhead Publishing Series in Biomaterials aMedical /Dentistry/ Biomedical Materials Science aEdited by Richard V. Curtis,  aEdited by Timothy F. Watson